| 000 | 00827nam a2200229Ii 4500 | ||
|---|---|---|---|
| 003 | JO-AjNU | ||
| 008 | 230605s9999||||xx |||||||||||||| ||und|| | ||
| 017 | _a1997/9/1096 | ||
| 040 |
_aJO-AjNU _bara _erda _cJO-AjNU |
||
| 041 | _aara | ||
| 050 | 1 | 4 | _aPJ6151.A47 1997 |
| 100 | 3 |
_aعلّوش، جميل , _eauthor _924511 |
|
| 245 | 0 | 0 | _aدروس في علوم العربية: فقة لغة،صرف،نحو،إعراب،إملاء،معاجم،نقد أدبي،أساليب تدريس |
| 250 | _aط1 | ||
| 264 | 3 | 1 | _aعمان: أزمنة للنشر والتوزيع،1997 |
| 300 | _a154ص | ||
| 336 |
_atext _btxt _2rdacontent |
||
| 337 |
_aunmediated _bn _2rdamedia |
||
| 338 |
_avolume _bnc _2rdacarrier |
||
| 490 | 0 | _aدراسات لغة عربية | |
| 650 | 4 |
_aاللغات-اللغة العربية-تعليم _924512 |
|
| 999 |
_aA9038 _c12606 _d12606 |
||